Foundation of Public Policy Analysis (Record no. 2919)
[ view plain ]
| 000 -LEADER | |
|---|---|
| fixed length control field | 00351nam a22001337a 4500 |
| 008 - FIXED-LENGTH DATA ELEMENTS--GENERAL INFORMATION | |
| fixed length control field | 250408b |||||||| |||| 00| 0 eng d |
| 020 ## - INTERNATIONAL STANDARD BOOK NUMBER | |
| ISBN | 9783358111 |
| 100 ## - MAIN ENTRY--AUTHOR | |
| Author | OLANIYI Johnson O. |
| 245 ## - TITLE STATEMENT | |
| Title | Foundation of Public Policy Analysis |
| 260 ## - PUBLICATION, DISTRIBUTION, ETC. (IMPRINT) | |
| Place of publication | Ibadan |
| Name of publisher | Sunad Publishers Limited |
| Date of publication | 1998 |
| 300 ## - COLLATION | |
| Pagination | vii, 129p. |
| 942 ## - ADDED ENTRY ELEMENTS (KOHA) | |
| Item type | Books |
| 050 ## - LIBRARY OF CONGRESS CALL NUMBER | |
| Classification number | JF1525 |
| Item number | .O53 |
| Source of classification or shelving scheme | Not for loan | Permanent location | Current location | Date acquired | Accession No. | Full call number | Barcode. | Koha item type |
|---|---|---|---|---|---|---|---|---|
| Library of Congress Classification | Samuel Ogbemudia Main Library, University of Abuja | Samuel Ogbemudia Main Library, University of Abuja | 04/08/2025 | 2001/33512 | JF1525.053 | 2025-1264 | Books |